| 000 | 00415nam a2200145Ia 4500 | ||
|---|---|---|---|
| 008 | 151213s9999 xx 000 0 und d | ||
| 100 | _aCharles Dickens | ||
| 245 |
_aThe Mystery Dwin Prood and Aster Humphrey's Clock _cCharles Dickens |
||
| 260 |
_aLondon _bChapman and Hall _c1911 |
||
| 300 | _a5241 p. | ||
| 650 | _aEnglish Literature | ||
| 650 | _aEnglish Literature | ||
| 700 | _aCharles Dickens | ||
| 999 |
_c3233 _d3233 |
||